[Event "CYCC U12"]
[Site "Vancouver CAN"]
[Date "2012.07.06"]
[Round "7"]
[White "Lin, Alex"]
[Black "Xu, Jeffrey"]
[Result "1/2-1/2"]
[WhiteElo "1204"]
[BlackElo "1832"]
[PlyCount "85"]
[GameId "2160767909508802"]
[EventDate "2012.07.03"]
[EventType "swiss"]
[EventRounds "7"]
[EventCountry "CAN"]
[SourceTitle "EXT 2022"]
[Source "ChessBase"]
[SourceDate "2021.10.06"]
[SourceVersion "1"]
[SourceVersionDate "2021.10.06"]
[SourceQuality "1"]

1. e4 e6 2. d4 d5 3. exd5 exd5 4. Nf3 Bd6 5. Bd3 Nf6 6. O-O O-O 7. Bg5 h6 8. Bh4 Nbd7 9. Nc3 c6 10. Re1 Qc7 11. a3 a5 12. Qe2 b6 13. Rad1 Bb7 14. Qe3 Rfe8 15. Qd2 Bf4 16. Bg3 Bxd2 17. Bxc7 Rxe1+ 18. Nxe1 Ne8 19. Rxd2 Nxc7 20. Bf5 Nf6 21. f3 Nce8 22. Na4 Nd6 23. Bd3 Re8 24. Re2 Rxe2 25. Bxe2 b5 26. Nc5 Bc8 27. b3 Kf8 28. Ned3 Nb7 29. Nxb7 Bxb7 30. Nc5 Bc8 31. g4 Ke7 32. Kf2 Kd6 33. Ke3 Nd7 34. Nxd7 Bxd7 35. b4 axb4 36. axb4 f5 37. h3 g5 38. f4 fxg4 39. Bxg4 Bxg4 40. hxg4 Ke6 41. fxg5 hxg5 42. c3 Kf6 43. Kf3 1/2-1/2

[Event "CYCC U12"]
[Site "Vancouver CAN"]
[Date "2012.07.06"]
[Round "7"]
[White "Liu, Danny"]
[Black "Shi, Jasper"]
[Result "0-1"]
[WhiteElo "1005"]
[BlackElo "1088"]
[PlyCount "104"]
[GameId "2160767909508803"]
[EventDate "2012.07.03"]
[EventType "swiss"]
[EventRounds "7"]
[EventCountry "CAN"]
[SourceTitle "hb 2012"]

1. e4 c6 2. d4 d5 3. Nc3 dxe4 4. Nxe4 Bf5 5. Bd3 Nd7 6. Nf3 Bg4 7. h3 Bh5 8. Ng3 Bxf3 9. Qxf3 Ngf6 10. Bf4 e6 11. c4 Qb6 12. c5 Qb4+ 13. Bd2 Qxd4 14. O-O Nxc5 15. Be2 Qxd2 16. b3 Qd5 17. Qc3 Nfe4 18. Nxe4 Nxe4 19. Qc2 Nf6 20. Rad1 Qc5 21. Qd2 Be7 22. Rfe1 O-O 23. Qf4 Rab8 24. Bf3 Nd5 25. Bxd5 cxd5 26. Rc1 Bd6 27. Qa4 Qa3 28. Qd4 b6 29. Qd2 Bb4 30. Qc2 Bxe1 31. Rxe1 Rfc8 32. Qe2 Rc7 33. Qe5 Rbc8 34. Kh2 Rc1 35. Rxc1 Rxc1 36. Qb8+ Qf8 37. Qxa7 Qd6+ 38. g3 g6 39. Qa4 Qc5 40. Kg2 Rc2 41. Qf4 Rxa2 42. b4 Qc8 43. Qd4 Qc6 44. Qf4 Ra4 45. Kh2 Ra8 46. Qd4 Qd6 47. Qb2 d4 48. Qd2 d3 49. h4 Ra1 50. Kh3 Qd5 51. Kg4 Ra2 52. Qd1 Qf5# 0-1

[Event "CYCC U12"]
[Site "Vancouver CAN"]
[Date "2012.07.06"]
[Round "7"]
[White "Liu, Ryan"]
[Black "Chen, Daniel1"]
[Result "0-1"]
[WhiteElo "852"]
[BlackElo "1055"]
[PlyCount "58"]
[GameId "2160767909508804"]
[EventDate "2012.07.03"]
[EventType "swiss"]
[EventRounds "7"]
[EventCountry "CAN"]
[SourceTitle "EXT 2022"]
[Source "ChessBase"]
[SourceDate "2021.10.06"]
[SourceVersion "1"]
[SourceVersionDate "2021.10.06"]
[SourceQuality "1"]

1. e4 e5 2. Nf3 Nc6 3. Bc4 Bc5 4. c3 Nf6 5. d4 exd4 6. cxd4 Bb4+ 7. Bd2 Bxd2+ 8. Nbxd2 d5 9. exd5 Nxd5 10. Qb3 Nce7 11. O-O-O O-O 12. Rhe1 c6 13. Bxd5 Nxd5 14. Qd3 Be6 15. a3 Re8 16. Ne4 Bf5 17. g4 Bxg4 18. Neg5 g6 19. Rxe8+ Qxe8 20. Ne4 Bxf3 21. Qxf3 Kg7 22. Nd6 Qe7 23. Qg3 Qd7 24. Qe5+ f6 25. Qg3 Rd8 26. Ne4 b6 27. Re1 Re8 28. Rg1 Rxe4 29. h4 Qf5 0-1

[Event "CYCC U12"]
[Site "Vancouver CAN"]
[Date "2012.07.06"]
[Round "7"]
[White "Taylor, Tristan"]
[Black "Song, Ziyuan"]
[Result "0-1"]
[WhiteElo "1219"]
[BlackElo "2042"]
[PlyCount "106"]
[GameId "2160767909508805"]
[EventDate "2012.07.03"]
[EventType "swiss"]
[EventRounds "7"]
[EventCountry "CAN"]
[SourceTitle "EXT 2022"]
[Source "ChessBase"]
[SourceDate "2021.10.06"]
[SourceVersion "1"]
[SourceVersionDate "2021.10.06"]
[SourceQuality "1"]

1. d4 d5 2. c4 e6 3. Nc3 Nf6 4. Bg5 Nbd7 5. e3 c6 6. Bd3 Be7 7. Nf3 dxc4 8. Bxc4 b5 9. Bb3 a6 10. Rc1 Bb7 11. O-O O-O 12. Re1 c5 13. dxc5 Nxc5 14. Bc2 h6 15. Bh4 Nd5 16. Bxe7 Qxe7 17. Nxd5 Bxd5 18. b4 Nd7 19. a3 Rad8 20. e4 Bc4 21. Qd2 Ne5 22. Qe3 Nd3 23. Bxd3 Rxd3 24. Qf4 Rxa3 25. Ne5 Qxb4 26. Nd7 Rd8 27. Rcd1 Rd3 28. Nf6+ gxf6 29. Qg4+ Kf8 30. Rb1 Qc5 31. Qf4 Qg5 32. Qc7 Qe5 33. Qa5 Qd6 34. Qa1 e5 35. Rbc1 Qa3 36. Qb1 Qb3 37. Qa1 Qa2 38. Qxa2 Bxa2 39. h3 a5 40. Ra1 Rd2 41. Rac1 Bc4 42. Ra1 a4 43. Kh2 Rxf2 44. Kg3 Rdd2 45. Rg1 Ra2 46. Rad1 Rfe2 47. Rd8+ Kg7 48. Rd6 Ra3+ 49. Kh4 Rxe4+ 50. g4 Ree3 51. Rh1 Bf1 52. g5 Re4+ 53. Kh5 Be2# 0-1

[Event "CYCC U12"]
[Site "Vancouver CAN"]
[Date "2012.07.06"]
[Round "7"]
[White "Xu, Jingzhi (Edwin)"]
[Black "Zhou, You"]
[Result "1-0"]
[WhiteElo "1317"]
[BlackElo "935"]
[PlyCount "59"]
[GameId "2160767909508806"]
[EventDate "2012.07.03"]
[EventType "swiss"]
[EventRounds "7"]
[EventCountry "CAN"]
[SourceTitle "hb 2012"]

1. d4 d5 2. Bf4 Bf5 3. Nc3 Nc6 4. Nb5 Rc8 5. a3 a6 6. Nc3 Nf6 7. Nf3 e6 8. e3 Bd6 9. Bg3 O-O 10. Bd3 Ne4 11. Bxe4 Bxe4 12. Nxe4 dxe4 13. Nd2 f5 14. c3 Qe7 15. Nc4 Qd7 16. Bxd6 cxd6 17. Nb6 Qc7 18. Nxc8 Rxc8 19. O-O d5 20. b4 Rf8 21. Qh5 Rf6 22. Qe8+ Rf8 23. Qxe6+ Kh8 24. Qxd5 Rf6 25. Rfc1 Rh6 26. Qxf5 Qxh2+ 27. Kf1 Rf6 28. Qc8+ Nd8 29. Qxd8+ Rf8 30. Qxf8# 1-0

[Event "CYCC U12 w"]
[Site "Vancouver CAN"]
[Date "2012.07.03"]
[Round "1"]
[White "Boucher, Katrine"]
[Black "Zhou, Qiyu"]
[Result "0-1"]
[WhiteElo "869"]
[BlackElo "1953"]
[PlyCount "42"]
[GameId "2160767909508807"]
[EventDate "2012.07.03"]
[EventType "swiss"]
[EventRounds "7"]
[EventCountry "CAN"]
[SourceTitle "EXT 2022"]
[Source "ChessBase"]
[SourceDate "2021.10.06"]
[SourceVersion "1"]
[SourceVersionDate "2021.10.06"]
[SourceQuality "1"]

1. e4 e5 2. Nf3 Nc6 3. Nc3 Nf6 4. Bc4 Bc5 5. O-O O-O 6. Ng5 d6 7. d3 Bg4 8. Qe1 h6 9. Nxf7 Rxf7 10. Bxf7+ Kxf7 11. h3 Be6 12. Bd2 Kg8 13. Ne2 Nh5 14. Qd1 Qf6 15. Nc3 Ng3 16. Be3 Bxe3 17. fxe3 Nxf1 18. Qe2 Ng3 19. Qd2 Rf8 20. h4 Qxh4 21. Qf2 Qh1# 0-1

[Event "CYCC U12 w"]
[Site "Vancouver CAN"]
[Date "2012.07.03"]
[Round "1"]
[White "De, Mila"]
[Black "Andrec, Katherine"]
[Result "1-0"]
[WhiteElo "985"]
[BlackElo "945"]
[PlyCount "87"]
[GameId "2160767909508808"]
[EventDate "2012.07.03"]
[EventType "swiss"]
[EventRounds "7"]
[EventCountry "CAN"]
[SourceTitle "hb 2012"]

1. e4 e5 2. Nf3 Nc6 3. d4 d6 4. dxe5 dxe5 5. Qxd8+ Nxd8 6. Nxe5 Bb4+ 7. Bd2 Bd6 8. Nc4 Bc5 9. Be2 Nf6 10. Nc3 Bb4 11. Bf3 Bg4 12. e5 Nd7 13. Bxg4 Nc5 14. O-O O-O 15. Rfe1 Nc6 16. e6 Rae8 17. exf7+ Rxf7 18. Rxe8+ Rf8 19. Rae1 h6 20. Bf5 Nd3 21. Bxd3 Nd4 22. Bxh6 gxh6 23. R1e4 Nf5 24. Rg4+ Kf7 25. Rxf8+ Bxf8 26. Bxf5 h5 27. Bg6+ Ke7 28. Bxh5 Kd8 29. Rg8 Ke7 30. Rg6 Kd8 31. Rf6 Be7 32. Rf5 Bd6 33. Nxd6 Kd7 34. Ncb5 cxd6 35. Nxd6 Kxd6 36. Bg4 Kc7 37. h4 Kc6 38. h5 Kd6 39. h6 Ke7 40. h7 Kd6 41. h8=Q Ke7 42. Qh6 Kd7 43. Rf7+ Ke8 44. Qf8# 1-0

[Event "CYCC U12 w"]
[Site "Vancouver CAN"]
[Date "2012.07.03"]
[Round "1"]
[White "Eirew, Pepi"]
[Black "Tapp, Ashley"]
[Result "0-1"]
[WhiteElo "772"]
[BlackElo "1324"]
[PlyCount "94"]
[GameId "2160767909508809"]
[EventDate "2012.07.03"]
[EventType "swiss"]
[EventRounds "7"]
[EventCountry "CAN"]
[SourceTitle "hb 2012"]

1. e4 e6 2. Nf3 d5 3. Nc3 dxe4 4. Nxe4 Nf6 5. Nxf6+ Qxf6 6. Bc4 Bd6 7. Qe2 O-O 8. d4 h6 9. Bd3 Re8 10. Ne5 c5 11. c3 cxd4 12. cxd4 Bb4+ 13. Bd2 Bxd2+ 14. Qxd2 Qg5 15. Qe2 Qxg2 16. Be4 Qg5 17. Qf3 Re7 18. Kd1 f5 19. Bd3 Rc7 20. Ke2 Nc6 21. Rhg1 Nxd4+ 22. Kf1 Nxf3 23. Rxg5 Nxg5 24. Ng6 b6 25. Rd1 Bb7 26. Nf4 Rac8 27. Ne2 Nf3 28. Nc3 Nxh2+ 29. Ke2 Bf3+ 30. Kd2 Bxd1 31. Kxd1 Rd7 32. Ke2 Rcd8 33. Bc4 Rd2+ 34. Ke3 f4+ 35. Kxf4 R8d4+ 36. Ke3 Ng4+ 37. Kf3 Rxc4 38. Ne4 Rxb2 39. Nd6 Rxf2+ 40. Kg3 Rd4 41. Ne8 Rxa2 42. Kh4 Nf6+ 43. Kg3 Ra3+ 44. Kf2 Rd2+ 45. Ke1 Ne4 46. Nf6+ gxf6 47. Kf1 Ra1# 0-1

[Event "CYCC U12 w"]
[Site "Vancouver CAN"]
[Date "2012.07.03"]
[Round "1"]
[White "Saremi, Yekta"]
[Black "Thanabalachandran, Luxiga"]
[Result "1-0"]
[WhiteElo "1334"]
[BlackElo "848"]
[PlyCount "45"]
[GameId "2160767909508810"]
[EventDate "2012.07.03"]
[EventType "swiss"]
[EventRounds "7"]
[EventCountry "CAN"]
[SourceTitle "hb 2012"]

1. e4 e6 2. d4 d5 3. e5 c5 4. c3 Nc6 5. Nf3 f6 6. Bd3 cxd4 7. cxd4 Bb4+ 8. Bd2 Bxd2+ 9. Qxd2 Qb6 10. O-O Bd7 11. Nc3 Nxd4 12. Nxd4 Qxd4 13. Bg6+ hxg6 14. Qxd4 f5 15. Qb4 g5 16. Nb5 Bxb5 17. Qxb5+ Ke7 18. Qxb7+ Kd8 19. Qxa8+ Kc7 20. Rac1+ Kb6 21. Qc6+ Ka5 22. a3 Ne7 23. Rc5# 1-0

[Event "CYCC U12 w"]
[Site "Vancouver CAN"]
[Date "2012.07.03"]
[Round "1"]
[White "Saul, Jaime"]
[Black "MacIvor, Kieme"]
[Result "0-1"]
[WhiteElo "638"]
[BlackElo "967"]
[PlyCount "22"]
[GameId "2160767909508811"]
[EventDate "2012.07.03"]
[EventType "swiss"]
[EventRounds "7"]
[EventCountry "CAN"]
[SourceTitle "EXT 2022"]
[Source "ChessBase"]
[SourceDate "2021.10.06"]
[SourceVersion "1"]
[SourceVersionDate "2021.10.06"]
[SourceQuality "1"]

1. e4 e5 2. d3 Qf6 3. f3 Qh4+ 4. g3 Qe7 5. f4 exf4 6. gxf4 c6 7. c4 Qc5 8. Nf3 Bd6 9. e5 Bc7 10. Na3 Bb6 11. Nc2 Qf2# 0-1

[Event "CYCC U12 w"]
[Site "Vancouver CAN"]
[Date "2012.07.03"]
[Round "2"]
[White "Andrec, Katherine"]
[Black "Eirew, Pepi"]
[Result "1/2-1/2"]
[WhiteElo "945"]
[BlackElo "772"]
[PlyCount "144"]
[GameId "2160767909508812"]
[EventDate "2012.07.03"]
[EventType "swiss"]
[EventRounds "7"]
[EventCountry "CAN"]
[SourceTitle "hb 2012"]

1. e4 e5 2. Nf3 Nc6 3. Nc3 Nf6 4. Bc4 Bc5 5. O-O d6 6. d3 Bg4 7. Bg5 Bxf3 8. Qxf3 Nd4 9. Qd1 Qe7 10. Nd5 Qd8 11. c3 c6 12. Nxf6+ Ke7 13. Nd5+ Kd7 14. Bxd8 Kxd8 15. cxd4 Bxd4 16. Nc3 Kc7 17. Ne2 d5 18. exd5 cxd5 19. Bxd5 Rad8 20. Rc1+ Kb8 21. Bxf7 Bb6 22. Be6 a5 23. Ng3 Bc7 24. a3 Rd6 25. Bg4 Rh6 26. Nf5 Rg6 27. Bh5 Rg5 28. Be2 Rxf5 29. Qc2 Rc8 30. Bg4 Rff8 31. Bxc8 Rxc8 32. d4 exd4 33. Qf5 Rd8 34. Qf4 Bxf4 35. Rcd1 Rd5 36. g3 Be5 37. f4 Bd6 38. Rfe1 d3 39. Re8+ Kc7 40. Rc1+ Bc5+ 41. Kf1 b5 42. b4 axb4 43. axb4 d2 44. Rd1 Bxb4 45. Rg8 g6 46. Rg7+ Kd6 47. Rg8 Kc6 48. Rc8+ Kb6 49. Rb8+ Ka7 50. Rc8 Kb7 51. Rg8 Kb6 52. Rb8+ Kc5 53. Rc8+ Kd4 54. Rb8 Kc3 55. Rc8+ Kb2 56. Ra8 Kc2 57. Raa1 Bc3 58. Rab1 b4 59. h4 b3 60. g4 Rd4 61. f5 Rf4+ 62. Ke2 Re4+ 63. Kf3 Re1 64. f6 Rxd1 65. Rxd1 Kxd1 66. f7 Bb4 67. Ke4 Kc2 68. Kd4 d1=Q+ 69. Kc4 Bf8 70. h5 gxh5 71. gxh5 b2 72. h6 b1=Q 1/2-1/2

[Event "CYCC U12 w"]
[Site "Vancouver CAN"]
[Date "2012.07.03"]
[Round "2"]
[White "MacIvor, Kieme"]
[Black "Boucher, Katrine"]
[Result "0-1"]
[WhiteElo "967"]
[BlackElo "869"]
[PlyCount "136"]
[GameId "2160767909508813"]
[EventDate "2012.07.03"]
[EventType "swiss"]
[EventRounds "7"]
[EventCountry "CAN"]
[SourceTitle "EXT 2022"]
[Source "ChessBase"]
[SourceDate "2021.10.06"]
[SourceVersion "1"]
[SourceVersionDate "2021.10.06"]
[SourceQuality "1"]

1. e4 Nf6 2. Qf3 d6 3. Bc4 Bg4 4. Qf4 e5 5. Qe3 Be7 6. a3 O-O 7. d4 exd4 8. Qxd4 c5 9. Qe3 d5 10. Bxd5 Nxd5 11. exd5 Qxd5 12. Qg3 Qe6+ 13. Qe3 Qc6 14. Qg3 Bf5 15. Bh6 Bf6 16. Nf3 Re8+ 17. Kd1 Kf8 18. c4 gxh6 19. b4 Bxa1 20. b5 Qd7+ 21. Nbd2 Be5 22. Nxe5 f6 23. Nxd7+ Nxd7 24. Qd6+ Re7 25. Qg3 Rg7 26. Qf3 Bg4 27. Qxg4 Rxg4 28. f3 Rg7 29. Nb3 Rd8 30. Na5 Ne5+ 31. Ke1 Nd3+ 32. Kf1 Ne5 33. Ke2 b6 34. Nb7 Rxb7 35. f4 Nxc4 36. a4 Rd2+ 37. Kf3 Rbd7 38. Kg4 Rd1 39. Rxd1 Rxd1 40. Kh5 Rh1 41. h3 Ne3 42. Kxh6 Nxg2 43. Kxh7 Rxh3+ 44. Kg6 Nxf4+ 45. Kxf6 Ra3 46. Ke5 Rxa4 47. Kd6 Rd4+ 48. Kc6 Rb4 49. Kb7 Rxb5 50. Kxa7 Ra5+ 51. Kxb6 Ra1 52. Kxc5 Nd5 53. Kxd5 Re1 54. Kd4 Kf7 55. Kd3 Kf6 56. Kd2 Re8 57. Kd3 Kf5 58. Kd4 Re7 59. Kd5 Rd7+ 60. Kc6 Rd1 61. Kc5 Ke4 62. Kc4 Rc1+ 63. Kb3 Kd4 64. Kb2 Rc8 65. Kb3 Rc7 66. Kb4 Rb7+ 67. Ka3 Kc4 68. Ka4 Ra7# 0-1

[Event "CYCC U12 w"]
[Site "Vancouver CAN"]
[Date "2012.07.03"]
[Round "2"]
[White "Tapp, Ashley"]
[Black "De, Mila"]
[Result "1-0"]
[WhiteElo "1324"]
[BlackElo "985"]
[PlyCount "107"]
[GameId "2160767909508814"]
[EventDate "2012.07.03"]
[EventType "swiss"]
[EventRounds "7"]
[EventCountry "CAN"]
[SourceTitle "hb 2012"]

1. d4 d5 2. c4 e5 3. dxe5 c6 4. cxd5 cxd5 5. Nf3 Bg4 6. e4 Bxf3 7. Qxf3 dxe4 8. Qxe4 Nc6 9. Bb5 Nge7 10. O-O g6 11. Bg5 a6 12. Bc4 Bg7 13. Bf6 O-O 14. Bxg7 Kxg7 15. Nc3 Qd4 16. Qxd4 Nxd4 17. Rad1 Rfd8 18. Nd5 Nxd5 19. Rxd4 Nb6 20. Rf4 Nxc4 21. Rxc4 Rd7 22. h3 Re8 23. f4 f6 24. Re1 fxe5 25. fxe5 Rde7 26. Kf2 Rxe5 27. Rc7+ Kh6 28. Rxe5 Rxe5 29. Rxb7 a5 30. h4 g5 31. hxg5+ Rxg5 32. Rb6+ Rg6 33. Rxg6+ Kxg6 34. a3 Kf5 35. b4 axb4 36. axb4 Ke6 37. Kf3 Kd6 38. Kf4 Kd5 39. Kg5 Kc4 40. Kh6 Kxb4 41. Kxh7 Kc4 42. g4 Kd5 43. g5 Ke5 44. g6 Ke4 45. g7 Ke5 46. g8=Q Ke4 47. Qb3 Kf4 48. Qd3 Kg5 49. Qe4 Kf6 50. Kh6 Kf7 51. Qe5 Kf8 52. Qc7 Ke8 53. Kg6 Kf8 54. Qd8# 1-0

[Event "CYCC U12 w"]
[Site "Vancouver CAN"]
[Date "2012.07.03"]
[Round "2"]
[White "Thanabalachandran, Luxiga"]
[Black "Saul, Jaime"]
[Result "1-0"]
[WhiteElo "848"]
[BlackElo "638"]
[PlyCount "45"]
[GameId "2160767909508815"]
[EventDate "2012.07.03"]
[EventType "swiss"]
[EventRounds "7"]
[EventCountry "CAN"]
[SourceTitle "EXT 2022"]
[Source "ChessBase"]
[SourceDate "2021.10.06"]
[SourceVersion "1"]
[SourceVersionDate "2021.10.06"]
[SourceQuality "1"]

1. e4 e5 2. Nf3 Nf6 3. Nc3 Nc6 4. Bb5 Bb4 5. d3 d6 6. Bd2 Bd7 7. O-O O-O 8. a3 a6 9. Bxc6 Bxc3 10. Bxc3 bxc6 11. d4 exd4 12. Qxd4 c5 13. Qc4 Kh8 14. Bxf6 gxf6 15. Rfe1 Be6 16. Qc3 Kg8 17. Nh4 Kg7 18. Qg3+ Kh6 19. f4 Rg8 20. Qf3 Rb8 21. b3 c6 22. Nf5+ Kg6 23. Qg4# 1-0

[Event "CYCC U12 w"]
[Site "Vancouver CAN"]
[Date "2012.07.03"]
[Round "2"]
[White "Zhou, Qiyu"]
[Black "Saremi, Yekta"]
[Result "1-0"]
[WhiteElo "1953"]
[BlackElo "1334"]
[PlyCount "49"]
[GameId "2160767909508816"]
[EventDate "2012.07.03"]
[EventType "swiss"]
[EventRounds "7"]
[EventCountry "CAN"]
[SourceTitle "hb 2012"]

1. e4 e5 2. Nf3 Nc6 3. Bb5 a6 4. Ba4 Nf6 5. O-O b5 6. Bb3 d6 7. Re1 Bg4 8. c3 d5 9. exd5 Nxd5 10. d4 Nde7 11. Bxf7+ Kxf7 12. Ng5+ Ke8 13. Qxg4 Qd7 14. Qxd7+ Kxd7 15. Nf7 Rg8 16. Nxe5+ Nxe5 17. dxe5 Re8 18. Bf4 Nc6 19. Nd2 g6 20. Ne4 Bg7 21. Nc5+ Kc8 22. e6 a5 23. Rad1 Re7 24. Rd7 Rge8 25. Bg5 1-0

[Event "CYCC U12 w"]
[Site "Vancouver CAN"]
[Date "2012.07.04"]
[Round "3"]
[White "De, Mila"]
[Black "Boucher, Katrine"]
[Result "1-0"]
[WhiteElo "985"]
[BlackElo "869"]
[PlyCount "43"]
[GameId "2160767909508817"]
[EventDate "2012.07.03"]
[EventType "swiss"]
[EventRounds "7"]
[EventCountry "CAN"]
[SourceTitle "EXT 2022"]
[Source "ChessBase"]
[SourceDate "2021.10.06"]
[SourceVersion "1"]
[SourceVersionDate "2021.10.06"]
[SourceQuality "1"]

1. e4 e5 2. Nf3 Nc6 3. d4 exd4 4. Nxd4 Nxd4 5. Qxd4 c5 6. Qd1 Nf6 7. Bg5 Be7 8. Bxf6 Bxf6 9. Nc3 O-O 10. Bd3 d6 11. O-O Qc7 12. Nd5 Qd8 13. Qe2 Bxb2 14. Rab1 Be5 15. h3 Bd7 16. Rxb7 Bc6 17. Rbb1 f5 18. Bc4 Kh8 19. exf5 Rxf5 20. Bd3 Rf8 21. Qe4 Rf4 22. Qxh7# 1-0

[Event "CYCC U12 w"]
[Site "Vancouver CAN"]
[Date "2012.07.04"]
[Round "3"]
[White "Eirew, Pepi"]
[Black "Thanabalachandran, Luxiga"]
[Result "1-0"]
[WhiteElo "772"]
[BlackElo "848"]
[PlyCount "155"]
[GameId "2160767909508818"]
[EventDate "2012.07.03"]
[EventType "swiss"]
[EventRounds "7"]
[EventCountry "CAN"]
[SourceTitle "EXT 2022"]
[Source "ChessBase"]
[SourceDate "2021.10.06"]
[SourceVersion "1"]
[SourceVersionDate "2021.10.06"]
[SourceQuality "1"]

1. e4 e6 2. Nf3 d5 3. Bd3 Nc6 4. Nc3 Nf6 5. e5 Ng4 6. h3 Ngxe5 7. Nxe5 Nxe5 8. Be2 Bb4 9. a3 Ba5 10. d4 Nc6 11. b4 Bb6 12. Bb5 Bd7 13. Be3 a6 14. Bxc6 Bxc6 15. O-O O-O 16. Qe2 Qd7 17. a4 Ba7 18. b5 axb5 19. axb5 Bxb5 20. Nxb5 Bb6 21. Rfb1 c6 22. Nc3 Ba5 23. Rb3 Qd6 24. g3 Qd7 25. Bf4 Rfe8 26. Rab1 Bxc3 27. Rxc3 Ra4 28. Qd2 f6 29. Rcb3 b5 30. Kg2 e5 31. dxe5 fxe5 32. Bg5 h6 33. Bxh6 gxh6 34. Qxh6 Re4 35. Qg6+ Kf8 36. Rf3+ Ke7 37. Rf7+ Kd8 38. Rxd7+ Kxd7 39. Qf7+ Kd8 40. Qf6+ Kd7 41. Qf5+ Kd6 42. Qg6+ Kd7 43. Ra1 Ra4 44. Rxa4 bxa4 45. Qg4+ Kd6 46. Qxa4 d4 47. f3 Kd5 48. Qb3+ Kc5 49. c3 d3 50. Qb4+ Kd5 51. Qb2 e4 52. Qb3+ Kc5 53. Qb4+ Kd5 54. Qd4+ Ke6 55. Qxe4+ Kf7 56. Qxd3 Ra8 57. Qd7+ Kf8 58. Qd6+ Kg7 59. Qxc6 Ra2+ 60. Kf1 Rc2 61. Qd7+ Kf6 62. h4 Rc1+ 63. Ke2 Rc2+ 64. Kd3 Rg2 65. g4 Rg1 66. Qd4+ Kg6 67. Qxg1 Kh6 68. g5+ Kg6 69. Ke4 Kg7 70. Qa7+ Kg6 71. Qb6+ Kg7 72. Qf6+ Kg8 73. Qe7 Kh8 74. c4 Kg8 75. c5 Kh8 76. c6 Kg8 77. c7 Kh8 78. c8=Q# 1-0

[Event "CYCC U12 w"]
[Site "Vancouver CAN"]
[Date "2012.07.04"]
[Round "3"]
[White "Saremi, Yekta"]
[Black "MacIvor, Kieme"]
[Result "1-0"]
[WhiteElo "1334"]
[BlackElo "967"]
[PlyCount "43"]
[GameId "2160767909508819"]
[EventDate "2012.07.03"]
[EventType "swiss"]
[EventRounds "7"]
[EventCountry "CAN"]
[SourceTitle "EXT 2022"]
[Source "ChessBase"]
[SourceDate "2021.10.06"]
[SourceVersion "1"]
[SourceVersionDate "2021.10.06"]
[SourceQuality "1"]

1. e4 e5 2. Nf3 d6 3. Nc3 Nf6 4. d4 exd4 5. Nxd4 c5 6. Nf3 d5 7. Bg5 dxe4 8. Qxd8+ Kxd8 9. Nxe4 Be7 10. O-O-O+ Nbd7 11. Bxf6 Bxf6 12. Nxc5 b6 13. Nxd7 Bxd7 14. Bb5 Rb8 15. Rxd7+ Kc8 16. Rxf7 Rb7 17. Ba6 Kd8 18. Rd1+ Rd7 19. Rfxd7+ Ke8 20. Bb5 Kf8 21. Re1 Be7 22. Rexe7 1-0

[Event "CYCC U12 w"]
[Site "Vancouver CAN"]
[Date "2012.07.04"]
[Round "3"]
[White "Saul, Jaime"]
[Black "Andrec, Katherine"]
[Result "0-1"]
[WhiteElo "638"]
[BlackElo "945"]
[PlyCount "80"]
[GameId "2160767909508820"]
[EventDate "2012.07.03"]
[EventType "swiss"]
[EventRounds "7"]
[EventCountry "CAN"]
[SourceTitle "EXT 2022"]
[Source "ChessBase"]
[SourceDate "2021.10.06"]
[SourceVersion "1"]
[SourceVersionDate "2021.10.06"]
[SourceQuality "1"]

1. e4 e5 2. f3 Qh4+ 3. g3 Qd8 4. Nc3 Nc6 5. f4 Nf6 6. fxe5 Nxe5 7. Nf3 Nxf3+ 8. Qxf3 Qe7 9. Bb5 a6 10. Bc4 b5 11. Bf1 d5 12. d3 Bg4 13. Qg2 Qe6 14. b3 Bb4 15. Bd2 O-O 16. a3 Bxc3 17. Bxc3 dxe4 18. Be2 Rad8 19. dxe4 Nxe4 20. Ba5 Nd6 21. Bxc7 Rde8 22. Rd1 Bxe2 23. Rxd6 Qc8 24. Rc6 Bf3+ 25. Kf2 Bxg2 26. Kxg2 Re2+ 27. Kf3 Re7 28. Bd6 Qxc6+ 29. Kf4 Qxd6+ 30. Kg4 Re4+ 31. Kf3 Rd4 32. c3 Rd2 33. c4 Qc6+ 34. Kg4 Qxh1 35. a4 bxa4 36. bxa4 Qe4+ 37. Kh3 Qxc4 38. a5 Qc8+ 39. Kh4 Rd4+ 40. Kg5 Qc5# 0-1

[Event "CYCC U12 w"]
[Site "Vancouver CAN"]
[Date "2012.07.04"]
[Round "3"]
[White "Tapp, Ashley"]
[Black "Zhou, Qiyu"]
[Result "0-1"]
[WhiteElo "1324"]
[BlackElo "1953"]
[PlyCount "76"]
[GameId "2160767909508821"]
[EventDate "2012.07.03"]
[EventType "swiss"]
[EventRounds "7"]
[EventCountry "CAN"]
[SourceTitle "EXT 2022"]
[Source "ChessBase"]
[SourceDate "2021.10.06"]
[SourceVersion "1"]
[SourceVersionDate "2021.10.06"]
[SourceQuality "1"]

1. d4 Nf6 2. c4 e6 3. Nc3 Bb4 4. Nf3 O-O 5. Bg5 b6 6. e3 Bb7 7. Bd3 c5 8. a3 Bxc3+ 9. bxc3 d6 10. O-O Nbd7 11. Nd2 Qc7 12. e4 cxd4 13. cxd4 e5 14. d5 h6 15. Bh4 g5 16. Bg3 Nc5 17. Qf3 Kg7 18. h4 Qe7 19. hxg5 hxg5 20. Bc2 Rh8 21. Qe3 Nh5 22. Bh2 Rh6 23. g3 Rah8 24. Kg2 Nf4+ 25. gxf4 Rxh2+ 26. Kg1 Rh1+ 27. Kg2 R8h2+ 28. Kg3 Rh3+ 29. Kg2 R1h2+ 30. Kg1 Rxe3 31. Kxh2 Re2 32. Rad1 gxf4 33. Kg2 Qg5+ 34. Kf3 Qh5+ 35. Kg2 Rxd2 36. Rxd2 f3+ 37. Kg3 Bc8 38. Rg1 Qh3# 0-1

[Event "CYCC U12 w"]
[Site "Vancouver CAN"]
[Date "2012.07.04"]
[Round "4"]
[White "Andrec, Katherine"]
[Black "Thanabalachandran, Luxiga"]
[Result "1-0"]
[WhiteElo "945"]
[BlackElo "848"]
[PlyCount "113"]
[GameId "2160767909508822"]
[EventDate "2012.07.03"]
[EventType "swiss"]
[EventRounds "7"]
[EventCountry "CAN"]
[SourceTitle "EXT 2022"]
[Source "ChessBase"]
[SourceDate "2021.10.06"]
[SourceVersion "1"]
[SourceVersionDate "2021.10.06"]
[SourceQuality "1"]

1. e4 e6 2. d4 d5 3. Nc3 Bb4 4. Bd3 Nc6 5. Nf3 dxe4 6. Bxe4 Bd7 7. a3 Ba5 8. b4 Bb6 9. Bg5 Nf6 10. Bxc6 Bxc6 11. O-O h6 12. Bf4 Bxf3 13. Qxf3 Bxd4 14. Rad1 Ng8 15. Nb5 Qf6 16. Nxd4 e5 17. Rde1 Ne7 18. Bxe5 Qg5 19. Nb5 O-O-O 20. Qc3 Nd5 21. Qh3+ f5 22. Rd1 Rhe8 23. Rxd5 Rxd5 24. Qc3 Kb8 25. Nxc7 Rdxe5 26. Nxe8 Rxe8 27. Rd1 a6 28. Qd4 Qe7 29. Qd2 Kc7 30. Qc3+ Kb6 31. Qd4+ Kc6 32. Qc3+ Kb5 33. Qd3+ Kb6 34. Qd4+ Kc7 35. Qc3+ Kb8 36. Qg3+ Ka8 37. Qc3 g6 38. h3 g5 39. b5 axb5 40. Qa5+ Kb8 41. Qxb5 Qe5 42. Qb4 Qe7 43. Qb6 Qxa3 44. Rb1 Qa7 45. Qb5 f4 46. Qxe8+ Kc7 47. Qe5+ Kd7 48. Rd1+ Kc8 49. Qe7 Qb6 50. Qe8+ Kc7 51. Rd7+ Kc6 52. Rd4+ Kc5 53. Qe5+ Kc6 54. Rd6+ Kc7 55. Qe7+ Kc8 56. Rxb6 Kb8 57. Qxb7# 1-0